Administración y conducción de empresas

Saved in:
Bibliografiske detaljer
Hovedforfatter: Strong, Earl P (Author)
Format: Bog
Sprog:spansk
Udgivet: Buenos Aires Troquel 1973
Fag:
Tags: Tilføj Tag
Ingen Tags, Vær først til at tagge denne postø!

MARC

LEADER 00000nam a2200000 a 4500
001 UCU6595
003 CL-VaPUC
008 960621e19730000AG |||||||||||||||||spa|d
082 0 4 |a 658.04  |b STR  |2 21 
100 0 |a Strong, Earl P  |e author  |9 364857 
245 1 0 |a Administración y conducción de empresas 
300 |a 629 p 
942 |c BK 
945 |d 19960621 00:00:00  |a lriquelm 
260 |a Buenos Aires  |b Troquel  |c 1973 
650 0 |a Administración  |9 259325 
650 0 |a Gestión   |9 260993 
650 7 |a EMPRESAS PRODUCTIVAS  |2 CL-VaPUC  |9 358973 
650 7 |a PERSONAL  |2 CL-VaPUC  |9 343747 
650 0 |a Administración de empresas   |9 260833 
650 7 |a GERENTES  |2 CL-VaPUC  |9 341797 
583 |a last modification  |c 19960621 00:00:00  |k Rodrigo Vera 
999 |c 249450  |d 249448